000 01681nam2a2200313 4500
001 RU\NLR\bibl\106208
005 20250615175428.0
010 _a5-85902-106-2
_91000
021 _aRU
_b2000-16546
_9797
035 _a(NLR Aleph) 001341019
090 _a860834
_c860834
100 _a20000904d2000 |||y0rusy50 ca
101 0 _arus
102 _aRU
105 _aa |||||||||
200 1 _aГосударственный музей-заповедник "Царское село". Екатерининский дворец
_hкн. 2
210 _d2000
_aБ. м.
215 _a286,[1] с.
_cил., портр.
461 0 _1001RU\NLR\bibl\112615
_12001#$aСводный каталог культурных ценностей, похищенных и утраченных в период Второй мировой войны$vТ. 1
_9861234
_cМ.
_d1999
_nМ-во культуры Рос. Федерации. Деп. по сохранению культ. ценностей
_tСводный каталог культурных ценностей, похищенных и утраченных в период Второй мировой войны
_vТ. 1
517 0 _aЕкатерининский дворец
606 0 _aИзобразительное искусство
_xЕкатерининский дворец-музей (Пушкин, город; Санкт-Петербург, город)
_92170583
_3RU\NLR\auth\661305724
686 _aЩ103(0)л61
686 _aЩ101.3(2Р)-2Санкт-Петербург9Пушкин
801 0 _aRU
_bNLR
_c20000904
_gPSBO
801 1 _aRU
_bNLR
_c20000904
852 _aNLR
_bЭст.
942 _cBOOK
980 _aNB